[Event "Braco do NorteTSC"]
[Site "Braco do Norte"]
[Date "2008.08.??"]
[Round "6"]
[White "Rodriguez Marque, Andres"]
[Black "Choma, Ernani Francisco"]
[Result "1-0"]
[WhiteElo "2306"]
[BlackElo "2296"]
[PlyCount "43"]
[EventDate "2008.08.??"]
[EventType "swiss"]
[EventRounds "7"]
[EventCountry "BRA"]
[SourceTitle "EXT 2022"]
[Source "ChessBase"]
[SourceDate "2021.10.06"]
[SourceVersion "1"]
[SourceVersionDate "2021.10.06"]
[SourceQuality "1"]

1. e4 c5 2. Nc3 e6 3. Nf3 Nc6 4. d4 cxd4 5. Nxd4 Nf6 6. g3 d5 7. Bg2 Be7 8. exd5 exd5 9. Bf4 0-0 10. 0-0 Bg4 11. Qd2 Qd7 12. Rfe1 Rfe8 13. Ncb5 Rac8 14. f3 Bh5 15. Nb3 Bg6 16. c3 h6 17. Rad1 Na5 18. Nxa5 Qxb5 19. Nb3 Qa4 20. Nd4 Nd7 21. Bh3 Rcd8 22. Bc7 1-0